[Event "Quebec Montcalm op 3 2014-15"]
[Site "Quebec"]
[Date "2014.12.04"]
[Round "4"]
[White "May, Oliver"]
[Black "Dube, Daniel"]
[Result "1/2-1/2"]
[WhiteElo "1809"]
[BlackElo "1946"]
[PlyCount "133"]
[EventDate "2014.11.13"]
[EventType "swiss"]
[EventRounds "5"]
[EventCountry "CAN"]
[SourceTitle "EXT 2022"]
[Source "ChessBase"]
[SourceDate "2021.10.06"]
[SourceVersion "1"]
[SourceVersionDate "2021.10.06"]
[SourceQuality "1"]

1. e4 Nf6 2. e5 Nd5 3. c4 Nb6 4. d4 d6 5. exd6 cxd6 6. Nf3 g6 7. Be2 Bg7 8. 0-0 0-0 9. Be3 Nc6 10. Qd2 e5 11. Bh6 e4 12. Bxg7 Kxg7 13. Ne1 Qf6 14. Nc2 Bf5 15. Nc3 h5 16. b3 Rac8 17. d5 Ne5 18. Ne3 Bg4 19. Nxe4 Qf4 20. Nxg4 Qxd2 21. Nxd2 hxg4 22. f4 gxf3 23. Nxf3 Nxf3+ 24. Rxf3 Rce8 25. Kf2 Nd7 26. Re1 Ne5 27. Rc3 b6 28. b4 Rc8 29. Rec1 Rc7 30. c5 bxc5 31. bxc5 Rfc8 32. c6 Rb8 33. Rb3 Rxb3 34. axb3 g5 35. Ra1 Ng6 36. Ra4 Ne7 37. Bf3 f5 38. g4 fxg4 39. Rxg4 Kf6 40. Rb4 Rc8 41. Re4 Nxd5 42. Rd4 Nf4 43. Rxd6+ Ke5 44. Rd7 a5 45. Ra7 Nd3+ 46. Ke3 Nc5 47. Rxa5 Kd6 48. Rb5 Re8+ 49. Kd4 Ne6+ 50. Kc4 Rf8 51. Rd5+ Kc7 52. Rd7+ Kc8 53. Bd5 Rf4+ 54. Kc3 Nc7 55. Bg2 Nb5+ 56. Kc2 Rf2+ 57. Rd2 Nd4+ 58. Kc3 Ne2+ 59. Kd3 Nf4+ 60. Ke3 Rxd2 61. Kxd2 Nxg2 62. Ke2 Nh4 63. b4 Nf5 64. Kd3 Kc7 65. Ke4 Nd6+ 66. Kf3 Kxc6 67. Kg4 1/2-1/2

[Event "Charlesbourg Alekhine op"]
[Site "Charlesbourg"]
[Date "2014.09.29"]
[Round "5"]
[White "Tremblay, Rejean"]
[Black "May, Oliver"]
[Result "1-0"]
[WhiteElo "2198"]
[BlackElo "1813"]
[PlyCount "98"]
[EventDate "2014.09.01"]
[EventType "swiss"]
[EventRounds "5"]
[EventCountry "CAN"]
[SourceTitle "EXT 2016"]
[Source "ChessBase"]
[SourceDate "2015.10.08"]
[SourceVersion "1"]
[SourceVersionDate "2015.10.08"]
[SourceQuality "1"]

1. d4 d5 2. c4 dxc4 3. Nf3 Nf6 4. Nc3 Bf5 5. e3 e6 6. Bxc4 c6 7. 0-0 Bd6 8. Ne5 Bxe5 9. dxe5 Qxd1 10. Rxd1 Ng4 11. f4 h5 12. h3 Nh6 13. e4 Bg6 14. Be3 Nd7 15. Rd6 b5 16. Nxb5 Bxe4 17. Nc7+ Ke7 18. Nxa8 Rxa8 19. Rad1 Bd5 20. Bxd5 exd5 21. Rxc6 Nf5 22. Bf2 Kf8 23. Rc7 Nb6 24. g4 hxg4 25. hxg4 Nh6 26. g5 Nf5 27. Bxb6 axb6 28. Rxd5 Re8 29. Rdd7 Re7 30. Rd8+ Re8 31. Rxe8+ Kxe8 32. Rb7 Ne7 33. Rxb6 Nd5 34. Rb8+ Kd7 35. f5 Ne7 36. Rb7+ Ke8 37. Rxe7+ Kxe7 38. a4 g6 39. Kf2 gxf5 40. Kf3 Ke6 41. Kf4 Kd5 42. Kxf5 Kc4 43. Kf6 Kb4 44. b3 Kxb3 45. a5 Kc4 46. a6 Kd4 47. a7 Ke3 48. Kxf7 Kf4 49. Kf6 Ke3 1-0

[Event "Quebec Montcalm op 1 2006-07"]
[Site "Quebec"]
[Date "2006.09.14"]
[Round "2"]
[White "Caire, Francois"]
[Black "May, Oliver"]
[Result "1-0"]
[WhiteElo "2256"]
[BlackElo "1726"]
[PlyCount "55"]
[EventDate "2006.09.07"]
[EventType "swiss"]
[EventRounds "5"]
[EventCountry "CAN"]
[SourceTitle "EXT 2022"]
[Source "ChessBase"]
[SourceDate "2021.10.06"]
[SourceVersion "1"]
[SourceVersionDate "2021.10.06"]
[SourceQuality "1"]

1. d4 d5 2. Nf3 Bg4 3. Ne5 Be6 4. c4 f6 5. Nf3 dxc4 6. e4 c6 7. Be3 Bf7 8. Qc2 b5 9. b3 cxb3 10. axb3 e6 11. Bd3 Bb4+ 12. Nbd2 Ne7 13. 0-0 0-0 14. Rfd1 a5 15. Nf1 Nd7 16. Ng3 Ra6 17. d5 exd5 18. exd5 Bxd5 19. Bxh7+ Kh8 20. Rd4 Ne5 21. Nxe5 fxe5 22. Rxb4 axb4 23. Rxa6 Bxb3 24. Qxb3 Kxh7 25. Bc5 Qd2 26. Qb1+ Kh8 27. Bxe7 Rxf2 28. Ra8+ 1-0